Villes de France les plus devinées sur JetPunk - Statistiques

Statistiques générales
  • Ce quiz a été pris 146 fois
  • Le résultat moyen est 19 sur 24
Statistiques - réponses
% Ville % Correct
99 Paris
100%
95 Lyon
99%
98 Marseille
99%
94 Lille
96%
94 Bordeaux
95%
91 Nice
95%
92 Toulouse
95%
91 Strasbourg
94%
84 Rennes
92%
87 Nantes
91%
79 Montpellier
81%
81 Brest
76%
62 Saint-Étienne
76%
63 Clermont-Ferrand
75%
65 Grenoble
69%
64 Le Havre
68%
71 Dijon
67%
64 Toulon
65%
60 Reims
64%
60 Metz
61%
62 Caen
60%
62 Perpignan
48%
61 Saint-Denis
47%
72 Ajaccio
40%
Aucun quiz correspondant
Distribution des résultats
% des personnes avec chaque résultat
Percentile par nombre de réponses
Votre historique - résultats
Vous n’avez pas pris ce quiz